Militarismo y reformismo en Honduras
Sábháilte in:
| Príomhchruthaitheoir: | |
|---|---|
| Formáid: | Téacs |
| Foilsithe / Cruthaithe: |
Tegucigalpa:
Guaymuras
|
| Clibeanna: |
Cuir clib leis
Níl clibeanna ann, Bí ar an gcéad duine le clib a chur leis an taifead seo!
|
MARC
| LEADER | 00000 a a2200000 04500 | ||
|---|---|---|---|
| 001 | 24971 | ||
| 003 | |||
| 040 | |||
| 090 | |a 176500 | ||
| 100 | |a Salomón, Leticia | ||
| 245 | |a Militarismo y reformismo en Honduras | ||
| 260 | |a Tegucigalpa: |b Guaymuras | ||
| 300 | |a 245 p |b **no definido** | ||
| 999 | |c 13112 |d 13112 | ||
